000 01815cam a2200385 a 4500
999 _c127894
_d127894
001 14270194
003 ARRUPE
005 20180411103004.0
008 060217s2005 dcua c b 000 0 eng d
010 _a 2006272763
020 _a1589064259
035 _a(OCoLC)ocm62269817
040 _aDBI
_cDBI
_dUNA
_dVP@
_dMUQ
_dDLC
042 _alccopycat
043 _ad------
050 0 0 _aHF5681.B2
_bD32 2005
082 0 0 _a657/.3091724
_222
100 _aRosenberg, Christoph
_941401
245 0 0 _aDebt-related vulnerabilities and financial crises :
_ban application of the balance sheet approach to emerging market countries /
_cChristoph Rosenberg ... [et al.].
260 _aWashington, DC :
_bInternational Monetary Fund,
_c2005.
300 _avii, 49 p. :
_bcol. ill. ;
_c28 cm.
490 1 _aOccasional paper / International Monetary Fund,
_x0251-6365 ;
_vno. 240.
504 _aIncludes bibliographical references (p. 45-47)
650 0 _aFinancial statements
_zDeveloping countries.
_941402
650 0 _aFinancial statements
_zDeveloping countries.
_xStatistics
_941403
650 0 _aFinancial crises
_zDeveloping countries.
_941260
700 1 _aRosenberg, Christoph B.
_941404
710 2 _aInternational Monetary Fund.
_926656
830 0 _aOccasional paper (International Monetary Fund) ;
_vno. 240.
_941405
856 4 1 _3Table of contents
_uhttp://www.loc.gov/catdir/toc/fy0606/2006272763.html
906 _a7
_bcbc
_ccopycat
_d2
_encip
_f20
_gy-gencatlg
942 _2lcc
_cMONOGRAPH